000 00861nam a2200277 a 4500
001 83356
003 BD-RjUL
005 20240314110209.0
008 240314s2011 cauab b 001 0 eng
020 _a9781412988025 (pbk.)
020 _a1412988020 (pbk.)
035 _a(BD-RjUL)83356
040 _aDLC
_cDLC
_dYDX
_dBTCTA
_dYDXCP
_dCDX
_dBWX
_dDLC
_dBD-RjUL
_beng
041 _aeng
082 0 0 _222
_a363.325
_bMAT 2011
100 1 _aMartin, Gus.
_912324
245 1 0 _aTerrorism and homeland security /
_cGus Martin.
260 _aThousand Oaks, Calif. :
_bSAGE,
_cc2011.
300 _axix, 323, [65] p. :
_bill., maps ;
_c24 cm.
504 _aIncludes bibliographical references and index.
650 0 _aTerrorism.
650 0 _aTerrorism and mass media.
_912325
650 0 _aTerrorism
_zUnited States.
_912326
942 _2ddc
_cBK
999 _c83356
_d83356